Country Flags Click Quiz #4 - Statistics

General Stats
  • This quiz has been taken 169 times
  • The average score is 19 of 20
Answer Stats
Hint Answer % Correct
Cuba
99%
Kazakhstan
99%
Portugal
99%
Belgium
98%
Czech Republic
97%
Indonesia
97%
Iraq
97%
Liechtenstein
97%
Nepal
97%
North Macedonia
97%
Vatican City
97%
Algeria
96%
Seychelles
96%
Dominican Republic
95%
Philippines
95%
Peru
94%
Uganda
94%
Somalia
93%
D. R. Congo
91%
Madagascar
91%
No matching quizzes found
Score Distribution
Percent of People with Each Score
Percentile by Number Answered
Your Score History
You have not taken this quiz